000 00674nam a2200289Ia 4500
005 20260324143944.0
008 008 260324s9999 xx 000 0 eng d
020 _a9781003575467
037 _aEBOOK
040 _aCRL
040 _beng
040 _cCRL
041 _2eng
041 _aeng
084 _qCRL
100 _aHoward Goldblatt
_91217540
245 0 _aWorlds Apart
245 0 _bRecent Chinese Writing and Its Audiences
260 _bTaylor and Francis
260 _c1990
365 _a
365 _b230
856 _uhttp://www.taylorfrancis.com/books/9781003575467
942 _cEBOOK
999 _c1823576
_d1823576